Central Library OPAC University of Rajshahi

Policy choices and public action / (Record no. 41176)

MARC details
000 -LEADER
fixed length control field 00820nam a2200253 a 4500
001 - CONTROL NUMBER
control field 41176
003 - CONTROL NUMBER IDENTIFIER
rucl marc code BD-RjUL
005 - DATE AND TIME OF LATEST TRANSACTION
control field 20211209053337.0
008 - FIXED-LENGTH DATA ELEMENTS--GENERAL INFORMATION
fixed length control field 160516s1996 njuab b 001 0 eng
020 ## - INTERNATIONAL STANDARD BOOK NUMBER
International Standard Book Number 013442591X
035 ## - SYSTEM CONTROL NUMBER
System control number (BD-RjUL) 41292
040 ## - CATALOGING SOURCE
Original cataloging agency DLC
Transcribing agency DLC
Modifying agency DLC
-- (BD-RjUL)
Language of cataloging eng
041 ## - LANGUAGE CODE
Language code of text/sound track or separate title eng
082 00 - DEWEY DECIMAL CLASSIFICATION NUMBER
Classification number 320.6
Edition number 23
Author mark and year BOP 1996
100 1# - MAIN ENTRY--PERSONAL NAME
Personal name Bonser, Charles F.
9 (RLIN) 126665
245 10 - TITLE STATEMENT
Title Policy choices and public action /
Statement of responsibility, etc. Charles F. Bonser, Eugene B. McGregor, Jr., Clinton V. Oster, Jr.
260 ## - PUBLICATION, DISTRIBUTION, ETC. (IMPRINT)
Place of publication, distribution, etc. Upper Saddle River, N.J. :
Name of publisher, distributor, etc. Prentice Hall,
Date of publication, distribution, etc. c1996
300 ## - PHYSICAL DESCRIPTION
Pagination x, 494 p. :
Illustrations ill. ;
Size 24 cm.
504 ## - BIBLIOGRAPHY, ETC. NOTE
Bibliography, etc Includes bibliographical references and index.
650 #0 - SUBJECT ADDED ENTRY--TOPICAL TERM
Topical term or geographic name as entry element Policy sciences
9 (RLIN) 126606
700 1# - ADDED ENTRY--PERSONAL NAME
Personal name McGregor, Eugene B.
Personal name Oster, Clinton V.
942 ## - ADDED ENTRY ELEMENTS (KOHA)
Source of classification or shelving scheme Dewey Decimal Classification
Koha item type Books
Holdings
Lost status Source of classification or shelving scheme Damaged status Not for loan Collection code Permanent Location Current Location Shelving location Date acquired Source of acquisition Cost, normal purchase price Total Checkouts Full call number Date last seen Copy number Koha item type
  Dewey Decimal Classification     Non-fiction Central Library, University of Rajshahi Central Library, University of Rajshahi   29/07/2007 Paragon Enterprise Lit., Dhaka 52.00   320.6 BOP 1996 16/05/2016 C-2 Books
  Dewey Decimal Classification   Not For Loan Non-fiction Central Library, University of Rajshahi Central Library, University of Rajshahi Reading Room 29/07/2007 Dhaka, Paragon Enterprises Ltd. 52.00   320.6 BOP 1996 15/12/2016 C-1 Books